| 000 | 00813nam a2200313Ia 4500 | ||
|---|---|---|---|
| 001 | 12963 | ||
| 003 | IT-RoPAU | ||
| 008 | 130308s9999 xx 000 0 und d | ||
| 040 | _aIT-RoPAU | ||
| 040 | _cIT-RoPAU | ||
| 041 | _aTEDESCO | ||
| 100 | _aMeyn Hermann | ||
| 100 | _gCodice Aut. SPICS: 3803 | ||
| 245 | _aFernsehen | ||
| 245 | _bPublizistik | ||
| 250 | _a1a ed. | ||
| 260 | _aFRANKFURT | ||
| 260 | _bFischer Taschenbuch Verlag | ||
| 260 | _c1971 [1° Ed.:1971 - Ed.Ling.Originale:1971] | ||
| 300 | _a"12 p. (prefazione: no ; testo: 12 [pagine: 14-25])" | ||
| 650 | _aENCICLOPEDIE DELLA COMUNICAZIONE SOCIALE | ||
| 650 | _eCodice materia Spics: 3801 | ||
| 700 | _aSchulz Winfried | ||
| 700 | _gCodice Aut. SPICS: 1443 | ||
| 942 | _cBK | ||
| 957 | _71 | ||
| 999 |
_c43286 _d43286 |
||
| 999 | _bSI | ||
| 999 | _g1 | ||